Body Parts by Emoji - Statistics

General Stats
  • This quiz has been taken 75 times
  • The average score is 5 of 5
Answer Stats
Emoji Body Part % Correct
๐Ÿ‘‚๐Ÿป๐Ÿ‘‚๐Ÿพ Ear
100%
๐Ÿ–๐Ÿป๐Ÿ–๐Ÿพ Hand
100%
๐Ÿ‘ƒ๐Ÿป๐Ÿ‘ƒ๐Ÿพ Nose
98%
โ˜๐Ÿป ๐Ÿ‘†๐Ÿปโ˜๐Ÿพ๐Ÿ‘†๐Ÿพ Finger
96%
๐Ÿฆถ๐Ÿป๐Ÿฆถ๐Ÿพ Foot
96%
No matching quizzes found
Score Distribution
Percent of People with Each Score
Percentile by Number Answered
Your Score History
You have not taken this quiz